UBT Library

Business communication data : (Record no. 1174)

000 -LEADER
fixed length control field 00514nam a22001697a 4500
008 - FIXED-LENGTH DATA ELEMENTS--GENERAL INFORMATION
fixed length control field 150925b xxu||||| |||| 00| 0 eng d
020 ## - INTERNATIONAL STANDARD BOOK NUMBER
International Standard Book Number 0789542870
041 0# - LANGUAGE CODE
Language code of text/sound track or separate title eng
080 ## - UNIVERSAL DECIMAL CLASSIFICATION NUMBER
Universal Decimal Classification number 658:004
245 ## - TITLE STATEMENT
Title Business communication data :
Statement of responsibility, etc Gary B. Shelly; Thomas J. Cashman; Judy A. Serwatka;
250 ## -
-- 2nd ed.
260 ## -
-- USA:
-- Course technology;
-- 1998.
300 ## -
-- [Various pages]
-- me il.;
-- 25 cm.
650 #0 -
-- Biznes
650 #0 -
-- Kompjuterët
942 ## - ADDED ENTRY ELEMENTS (KOHA)
Source of classification or shelving scheme
Item type Books
Holdings
Withdrawn status Lost status Source of classification or shelving scheme Damaged status Not for loan Collection code Permanent location Current location Shelving location Date acquired Total Checkouts Full call number Barcode Date last seen Price effective from Koha item type
          Koleksioni i përgjithshem UBT - Lipjan UBT - Lipjan Koleksioni i përgjithshem 09/25/2015   658:004 SHELL 002-007705 09/25/2015 09/25/2015 Books
UBT Library © 2015-2024. All rights reserved University Education for Business and Technology